The occult : (Record no. 2221)

MARC details
000 -LEADER
fixed length control field 00731cam a2200253 4500
001 - CONTROL NUMBER
control field 4550543
003 - CONTROL NUMBER IDENTIFIER
control field GBCCL
005 - DATE AND TIME OF LATEST TRANSACTION
control field 20241126110423.0
008 - FIXED-LENGTH DATA ELEMENTS--GENERAL INFORMATION
fixed length control field 720911s1972 pau b 000 0 eng
010 ## -
-- 72000652
020 ## - INTERNATIONAL STANDARD BOOK NUMBER
International Standard Book Number 0551004592
040 ## - CATALOGING SOURCE
Original cataloging agency DLC
Transcribing agency DLC
Modifying agency DLC
050 00 -
-- BR115.O3
-- P35
082 00 - DEWEY DECIMAL CLASSIFICATION NUMBER
Classification number 209
Item number PAL
100 1# - MAIN ENTRY--PERSONAL NAME
Personal name Palms, Roger C.
9 (RLIN) 4556
245 14 - TITLE STATEMENT
Title The occult :
Statement of responsibility, etc. [by] Roger C. Palms.
Remainder of title A christian view
260 ## - PUBLICATION, DISTRIBUTION, ETC.
Place of publication, distribution, etc. Valley Forge [Pa.]
Name of publisher, distributor, etc. Judson Press
Date of publication, distribution, etc. [1972]
300 ## - PHYSICAL DESCRIPTION
Extent 125 p.
Dimensions 22 cm.
350 ## - PRICE (NR) (BK AM CF MU VM SE) [OBSOLETE]
Price $2.50
504 ## - BIBLIOGRAPHY, ETC. NOTE
Bibliography, etc. note Includes bibliographical references.
650 #0 - SUBJECT ADDED ENTRY--TOPICAL TERM
Topical term or geographic name entry element Occultism
General subdivision Religious aspects
-- Christianity.
9 (RLIN) 2809
906 ## - LOCAL DATA ELEMENT F, LDF (RLIN)
a 7
b cbc
c orignew
d 1
e ocip
f 19
g y-gencatlg
942 ## - ADDED ENTRY ELEMENTS (KOHA)
Source of classification or shelving scheme Dewey Decimal Classification
Koha item type Books
Holdings
Withdrawn status Lost status Source of classification or shelving scheme Damaged status Not for loan Home library Current Library Shelving location Date acquired Total checkouts Full call number Barcode Date last seen Copy number Price effective from Koha item type
    Dewey Decimal Classification     GRACE BIBLE COLLEGE GRACE BIBLE COLLEGE Philosophy and Religion 2017-07-17   209 PAL 001947 2025-05-01 c.1 2017-07-17 Books
© Grace Bible College Library 2025